التاريخ وكيف يفسرونه : (Record no. 16304)
[ view plain ]
| 000 -الفاتح | |
|---|---|
| حقل البيانات ثابتة الطول | 01418nam a2200301 i 4500 |
| 003 - محدد رقم الضبط | |
| رقم الضبط | EG-ScBUE |
| 005 - وقت وتاريخ اخر تعامل مع التسجيلة | |
| رقم الضبط | 20230911121402.0 |
| 008 - عناصر البيانات ثابتة الطول - معلومات عامة | |
| حقل البيانات ثابتة الطول | 111207s1972 ua a f b 000 00cara d |
| 017 ## - رقم الإيداع القانونى | |
| رقم الإيداع القانونى | 71 / 4851 |
| 040 ## - مصدر الفهرسة | |
| وكالة الفهرسة الأصلية | EG-ScBUE |
| لغة الفهرسة | ara |
| قواعد الوصف | rda |
| وكالة النسخ | EG-ScBUE |
| وكالة التعديل | EG-ScBUE |
| 082 04 - رقم تصنيف ديوى العشرى | |
| رقم الطبعة | 22 |
| رقم التصنيف | 901 |
| رقم المادة | و ي د |
| 100 1# - المدخل الرئيسى - إسم شخصى | |
| 9 (RLIN) | 28025 |
| الإسم الشخصى | ويدجيري، البان ج |
| التواريخ المصاحبة للاسم | 1887-1968 |
| الشكل الأكمل للاسم | (البان جريجوري) |
| الدور | مؤلف. |
| 245 12 - بيان العنوان | |
| العنوان | التاريخ وكيف يفسرونه : |
| بقية العنوان | من كنفوشيوس الى توينبي / |
| بيان المسئوليه,etc | تاليف البان ج. ويدجيري ؛ ترجمة عبد العزيز توفيق جاويد. |
| 264 #1 - النشر، التوزيع | |
| مكان الناشر او الموزع | القاهرة : |
| اسم الناشر او الموزع | الهيئة المصرية العامة للكتاب، |
| تاريخ النشر أو التوزيع | 1972. |
| 300 ## - الوصف المادى | |
| التعداد | 238 صفحة ؛ |
| أبعاد الوعاء | 24 سم |
| 336 ## - نوع المحتوى | |
| source | rdacontent |
| Carrier Type Term | نص |
| Content Type Code | txt |
| 337 ## - نوع الوسيط | |
| source | rdamedia |
| Media Type Term | بدون وسيط |
| Media Type Code | n |
| 338 ## - نوع الحامل أو الناقل | |
| source | rdacarrier |
| Carrier Type Term | مجلد |
| Carrier Type Code | nc |
| 504 ## - تبصرة ببليوجرافية | |
| تبصرة ببليوجرافية,الخ | يشتمل على إرجاعات ببليوجرافية. |
| 546 ## - تبصرة اللغة | |
| تبصرة اللغة | النص باللغة العربية وتم ترجمته من اللغة الإنجليزية. |
| 600 17 - المدخل الاضافى بالموضوع-اسم شخصى | |
| 9 (RLIN) | 17084 |
| الإسم الشخصى | توينبي، أرنولد |
| الترقيم | 1889- |
| مصدر الرأس أو المصطلح | BUEsh |
| 600 07 - المدخل الاضافى بالموضوع-اسم شخصى | |
| 9 (RLIN) | 28026 |
| الإسم الشخصى | كونفوشيوس، |
| الترقيم | 1889- |
| التواريخ المصاحبة للاسم | 551-478 ق. م |
| مصدر الرأس أو المصطلح | BUEsh |
| 650 #7 - المدخل الاضافى بالموضوع-مصطلح موضوعى | |
| 9 (RLIN) | 16316 |
| مصطلح موضوعي أو اسم جغرافي كعنصر مدخل | التاريخ |
| التقسيم الفرعي العام | فلسفة. |
| مصدر الرأس أو المصطلح | BUEsh |
| 650 #7 - المدخل الاضافى بالموضوع-مصطلح موضوعى | |
| 9 (RLIN) | 26851 |
| مصطلح موضوعي أو اسم جغرافي كعنصر مدخل | التأريخ |
| التقسيم الفرعي العام | فلسفة. |
| مصدر الرأس أو المصطلح | BUEsh |
| 655 ## - مصطلح تكشيفى-نوع/شكل | |
| التقسيم الفرعي الشكلي | Reading book |
| 700 1# - المدخل الاضافى - اسم شخصى | |
| 9 (RLIN) | 16656 |
| الإسم الشخصى | جاويد، عبد العزيز توفيق، |
| الدور | مترجم. |
| 942 ## - عناصر المدخل الإضافي( كوها) | |
| مصدر التصنيف او مخطط الترفيف | Dewey Decimal Classification |
| Koha [default] item type | Book - Borrowing |
| حالة التراجع | حالة الفقد | مصدر التصنيف او خطة الترفيف | حالة تلف | ليس للاعارة | مجموعات كوها | المكان الدائم | المكان الحالي | موقع الترفيف | تاريخ الاكتساب | Source of acquisition | رقم الاستدعاء | الباركود | Date last seen | نوع الوعاء |
|---|---|---|---|---|---|---|---|---|---|---|---|---|---|---|
| Dewey Decimal Classification | Alef-Baa | Central Library | Central Library | Second Floor | 07/12/2011 | 901 و ي د | 000025791 | 15/07/2025 | Book - Borrowing |